000 00369nam a2200109Ia 4500
008 180305s9999 xx 000 0 und d
020 _a9716857221
100 _aGo, Mildred B.
245 _cMildred B. Go, Ofelia T. Posecion.
_aLanguage and literature assessment :
_ba comprehensice guide /
260 _aQuezon City :
_bLorimar Pub. Inc.,
_c2010
300 _avii, 113 pages
999 _c356029
_d356029